Trouble-maker /
When his older brother gets in serious trouble, sixth-grader Clay decides to change his own mischief-making ways, but he cannot seem to shake his reputation as a troublemaker.
| Main Author: | |
|---|---|
| Other Authors: | |
| Format: | Book |
| Language: | English |
| Published: |
New York :
Atheneum Books for Young Readers,
[2011]
|
| Edition: | 1st ed. |
| Subjects: | |
| Online Access: | Contributor biographical information Publisher description |
MARC
| Tag | First Indicator | Second Indicator | Subfields |
|---|---|---|---|
| LEADER | 00000cam a2200000 a 4500 | ||
| 001 | in00002710319 | ||
| 005 | 20201128064726.0 | ||
| 008 | 101123s2011 nyua c 000 1 eng | ||
| 010 | |a 2010045018 | ||
| 020 | |a 9781416949305 (hbk.) : |c $16.99 | ||
| 020 | |a 1416949305 (hbk.) | ||
| 035 | |a (OCoLC)ocn687671372 | ||
| 035 | |a (OCoLC)687671372 | ||
| 040 | |a DLC |c DLC |d IG# |d BTCTA |d YDXCP |d UPZ |d MLY |d ON8 |d JP3 |d UtOrBLW | ||
| 049 | |a TXAM | ||
| 050 | 0 | 0 | |a PZ7.C59118 |b Tr 2011 |
| 082 | 0 | 0 | |a [Fic] |2 22 |
| 100 | 1 | |a Clements, Andrew, |d 1949-2019. | |
| 245 | 1 | 0 | |a Trouble-maker / |c Andrew Clements ; illustrations by Mark Elliott. |
| 246 | 3 | |a Troublemaker | |
| 250 | |a 1st ed. | ||
| 264 | 1 | |a New York : |b Atheneum Books for Young Readers, |c [2011] | |
| 264 | 4 | |c ©2011 | |
| 300 | |a 140 pages : |b illustrations ; |c 22 cm. | ||
| 336 | |a text |b txt |2 rdacontent | ||
| 337 | |a unmediated |b n |2 rdamedia | ||
| 338 | |a volume |b nc |2 rdacarrier | ||
| 521 | 1 | |a 008-012. | |
| 520 | |a When his older brother gets in serious trouble, sixth-grader Clay decides to change his own mischief-making ways, but he cannot seem to shake his reputation as a troublemaker. | ||
| 650 | 0 | |a Conduct of life |v Juvenile fiction. | |
| 650 | 0 | |a Schools |v Juvenile fiction. | |
| 650 | 0 | |a Brothers |v Juvenile fiction. | |
| 650 | 1 | |a Behavior |v Fiction. | |
| 650 | 1 | |a Schools |v Fiction. | |
| 650 | 1 | |a Brothers |v Fiction. | |
| 650 | 7 | |a Human behavior |v Fiction. |2 sears | |
| 650 | 7 | |a Brothers |v Fiction. |2 sears | |
| 700 | 1 | |a Elliott, Mark, |d 1967- |e illustrator. | |
| 856 | 4 | 2 | |3 Contributor biographical information |u http://catdir.loc.gov/catdir/enhancements/fy1106/2010045018-b.html |t 0 |
| 856 | 4 | 2 | |3 Publisher description |u http://catdir.loc.gov/catdir/enhancements/fy1106/2010045018-d.html |t 0 |
| 938 | |a Ingram |b INGR |n 9781416949305 | ||
| 938 | |a Baker and Taylor |b BTCP |n BK0009441432 | ||
| 938 | |a YBP Library Services |b YANK |n 3656370 | ||
| 947 | |a A14840442883 | ||
| 945 | |a PromptCat |b 538327 | ||
| 946 | |a curr | ||
| 994 | |a 92 |b TXA | ||
| 948 | |a Cataloged |b h |c 2011/8/3 |d c |e EGrant | ||
| 999 | |a MARS | ||
| 999 | f | f | |s 698c5a55-e727-3b73-8d94-bba86611db85 |i eff17d87-2de1-3b54-8ab8-d6d419a08f49 |t 0 |
| 952 | f | f | |p ric |a Texas A&M University |b Rellis Campus |c Joint Library Facility |d Remote Storage |t 0 |e PZ7.C59118 Tr 2011 |h Library of Congress classification |i unmediated -- volume |m A14840442883 |
| 998 | f | f | |a PZ7.C59118 Tr 2011 |t 0 |l Remote Storage |